| 000 | 00723nam a2200229Ii 4500 | ||
|---|---|---|---|
| 003 | JO-AjNU | ||
| 008 | 230605s9999||||xx |||||||||||||| ||und|| | ||
| 017 | _a2011/6/2453 | ||
| 020 | _a978-9957-449-51-3 | ||
| 040 |
_aJO-AjNU _bara _erda _cJO-AjNU |
||
| 041 | _aara | ||
| 050 | 1 | 4 | _aHD49.2013 |
| 100 | 3 |
_aالقطارنة، زياد حمد, _eauthor _950163 |
|
| 245 | 0 | 0 | _aإدارة الكوارث |
| 250 | _aط1 | ||
| 264 | 3 | 1 | _aعمان:الاكاديميون للنشر والتوزيع،2013 |
| 300 |
_a344ص _bببليوجرافية:ص335-ص344 |
||
| 336 |
_atext _btxt _2rdacontent |
||
| 337 |
_aunmediated _bn _2rdamedia |
||
| 338 |
_avolume _bnc _2rdacarrier |
||
| 650 | 4 |
_aادارة الكوارث _950164 |
|
| 999 |
_aA22080 _c25648 _d25648 |
||